| 000 -LEADER |
| fixed length control field |
02204cam a2200385 a 4500 |
| 001 - CONTROL NUMBER |
| control field |
550931 |
| 003 - CONTROL NUMBER IDENTIFIER |
| control field |
SCU |
| 005 - DATE AND TIME OF LATEST TRANSACTION |
| control field |
20241111112648.0 |
| 008 - FIXED-LENGTH DATA ELEMENTS--GENERAL INFORMATION |
| fixed length control field |
060315t20062005nyu c 000 1 eng d |
| 020 ## - INTERNATIONAL STANDARD BOOK NUMBER |
| International Standard Book Number |
9780786838653 |
| Qualifying information |
(pbk.) |
| 035 ## - SYSTEM CONTROL NUMBER |
| System control number |
(OCoLC)560864766 |
| Canceled/invalid control number |
(OCoLC)636684449 |
| 040 ## - CATALOGING SOURCE |
| Original cataloging agency |
QT4 |
| Transcribing agency |
QT4 |
| Modifying agency |
HNW |
| -- |
TMI |
| -- |
SCU |
| -- |
KH8 |
| 042 ## - AUTHENTICATION CODE |
| Authentication code |
nbic |
| 082 ## - DEWEY DECIMAL CLASSIFICATION NUMBER |
| Classification number |
FIC RIO |
| 100 1# - MAIN ENTRY--PERSONAL NAME |
| Personal name |
Riordan, Rick. |
| Relator term |
Authors. |
| 245 14 - TITLE STATEMENT |
| Title |
The lightning thief / |
| Statement of responsibility, etc. |
Rick Riordan. |
| 250 ## - EDITION STATEMENT |
| Edition statement |
1st Hyperion Paperbacks ed. |
| 260 ## - PUBLICATION, DISTRIBUTION, ETC. |
| Place of publication, distribution, etc. |
New York : |
| Name of publisher, distributor, etc. |
Disney/Hyperion Paperbacks for Children, |
| Date of publication, distribution, etc. |
2006, c2005. |
| 300 ## - PHYSICAL DESCRIPTION |
| Extent |
377, [10] p. ; |
| Dimensions |
20 cm. |
| 490 1# - SERIES STATEMENT |
| Series statement |
Percy Jackson & the Olympians ; |
| Volume/sequential designation |
bk. 1. |
| 505 0# - FORMATTED CONTENTS NOTE |
| Formatted contents note |
I accidentally vaporize my pre-algebra teacher -- Three old ladies knit the socks of death -- Grover unexpectedly loses his pants -- My mother teaches me bullfighting -- I play pinochle with a horse -- I become supreme lord of the bathroom -- My dinner goes up in smoke -- We capture a flag -- I am offered a quest -- I ruin a perfectly good bus -- We visit the Garden Gnome Emporium -- We get advice from a poodle -- I plunge to my death -- I become a known fugitive -- God buys us cheeseburgers -- We take a zebra to Vegas -- We shop for water beds -- Annabeth does obedience school -- We find out the truth, sort of -- I battle my jerk relative -- I settle my tab -- Prophecy comes true. |
| 520 ## - SUMMARY, ETC. |
| Summary, etc. |
After learning that he is the son of a mortal woman and Poseidon, god of the sea, twelve-year-old Percy is sent to a summer camp for demigods like himself, and joins his new friends on a quest to prevent a war between the gods. |
| 650 #0 - SUBJECT ADDED ENTRY--TOPICAL TERM |
| Topical term or geographic name entry element |
Jackson, Percy (Fictitious character) |
| Form subdivision |
Juvenile fiction. |
| 650 #0 - SUBJECT ADDED ENTRY--TOPICAL TERM |
| Topical term or geographic name entry element |
Mythology, Greek |
| Form subdivision |
Juvenile fiction. |
| 650 #0 - SUBJECT ADDED ENTRY--TOPICAL TERM |
| Topical term or geographic name entry element |
Camps |
| Form subdivision |
Juvenile fiction. |
| 650 #0 - SUBJECT ADDED ENTRY--TOPICAL TERM |
| Topical term or geographic name entry element |
Friendship |
| Form subdivision |
Juvenile fiction. |
| 650 #0 - SUBJECT ADDED ENTRY--TOPICAL TERM |
| Topical term or geographic name entry element |
Fathers and sons |
| Form subdivision |
Juvenile fiction. |
| 650 #0 - SUBJECT ADDED ENTRY--TOPICAL TERM |
| Topical term or geographic name entry element |
Poseidon (Greek deity) |
| Form subdivision |
Juvenile fiction. |
| 650 #0 - SUBJECT ADDED ENTRY--TOPICAL TERM |
| Topical term or geographic name entry element |
Hades (Greek deity) |
| Form subdivision |
Juvenile fiction. |
| 650 #0 - SUBJECT ADDED ENTRY--TOPICAL TERM |
| Topical term or geographic name entry element |
Zeus (Greek deity) |
| Form subdivision |
Juvenile fiction. |
| 655 #7 - INDEX TERM--GENRE/FORM |
| Genre/form data or focus term |
Fantasy fiction. |
| Source of term |
gsafd. |
| 655 #7 - INDEX TERM--GENRE/FORM |
| Genre/form data or focus term |
Fantasy fiction. |
| 830 #0 - SERIES ADDED ENTRY--UNIFORM TITLE |
| Uniform title |
Percy Jackson & the Olympians ; |
| Volume/sequential designation |
bk. 1. |
| 942 ## - ADDED ENTRY ELEMENTS (KOHA) |
| Source of classification or shelving scheme |
|
| Koha item type |
Books - Fiction |